000 00193nam a2200085Ia 4500
008 120527s9999 xx 000 0 und d
100 _aKLUNLOGEL, A
245 _aRigid frame formulas
942 _cBK
999 _c25628
_d25628